KOHA-Header-6

Lehninger principles of biochemistry (Record no. 4)

000 -LEADER
fixed length control field 00895cam a2200325 i 4500
001 - CONTROL NUMBER
control field 19118710
003 - CONTROL NUMBER IDENTIFIER
control field OSt
005 - DATE AND TIME OF LATEST TRANSACTION
control field 20191101152803.0
008 - FIXED-LENGTH DATA ELEMENTS--GENERAL INFORMATION
fixed length control field 160603s2017 nyuac b 001 0 eng c
010 ## - LIBRARY OF CONGRESS CONTROL NUMBER
LC control number 2016943661
016 7# - NATIONAL BIBLIOGRAPHIC AGENCY CONTROL NUMBER
Record control number 101703862
Source DNLM
020 ## - INTERNATIONAL STANDARD BOOK NUMBER
International Standard Book Number 9781464126116
020 ## - INTERNATIONAL STANDARD BOOK NUMBER
International Standard Book Number 1464126119
Qualifying information North American edition
020 ## - INTERNATIONAL STANDARD BOOK NUMBER
Qualifying information International edition
040 ## - CATALOGING SOURCE
Original cataloging agency NLM
Transcribing agency maju
042 ## - AUTHENTICATION CODE
Authentication code pcc
082 00 - DEWEY DECIMAL CLASSIFICATION NUMBER
Classification number 572
100 1# - MAIN ENTRY--PERSONAL NAME
Dates associated with a name 1942-
245 10 - TITLE STATEMENT
Title Lehninger principles of biochemistry
246 30 - VARYING FORM OF TITLE
Title proper/short title Principles of biochemistry
250 ## - EDITION STATEMENT
Edition statement Seventh edition.
300 ## - PHYSICAL DESCRIPTION
Dimensions 29 cm
600 ## - SUBJECT ADDED ENTRY--PERSONAL NAME
Source of heading or term BioScience
610 ## - SUBJECT ADDED ENTRY--CORPORATE NAME
Source of heading or term BioScience
648 ## - SUBJECT ADDED ENTRY--CHRONOLOGICAL TERM
Source of heading or term BioScience
700 1# - ADDED ENTRY--PERSONAL NAME
Personal name Cox, Michael M.,
Relator term author.
906 ## - LOCAL DATA ELEMENT F, LDF (RLIN)
a 7
b cbc
c pccadap
d 2
e ncip
f 20
g y-gencatlg
942 ## - ADDED ENTRY ELEMENTS (KOHA)
Source of classification or shelving scheme
Koha item type Books
Holdings
Withdrawn status Lost status Source of classification or shelving scheme Damaged status Not for loan Permanent Location Current Location Shelving location Date acquired Total Checkouts Total Renewals Full call number Barcode Checked out Date last seen Date checked out Price effective from Koha item type
          MAJU MAJU Shelf No.A36 2019-06-20 20 24 572 8944 2023-05-18 2023-04-20 2023-04-20 2019-03-27 Bio Science

Powered by Koha